000 00937nam a2200313 a 4500
001 60048
003 BD-RjUL
005 20211209080811.0
008 161228s1885 enk 000 0 eng
035 _a(BD-RjUL)60172
035 _a(OCoLC)05296092
040 _aDLC
_cCLE
_dMYG
_beng
041 _aeng
082 _223
_a347.42010942
_bMAJ 1885
090 _aJN795
_b.M2x 1885
092 _b7
100 1 _aMaitland, Frederic William,
_d1850-1906.
_9177070
245 1 0 _aJustice and police /
_cby F. W. Maitland.
260 _aLondon,
_bMacmillan and co.,
_c1885.
300 _aviii, 173 p. ;
_c20 cm.
490 1 _aThe English citizen: his rights and responsibilities.
_vv. 4
650 0 _aCourts
_zGreat Britain.
_9178694
650 0 _aJustice, Administration of
_zGreat Britain.
_9178695
830 0 _aEnglish citizen ;
_v4.
_9178711
942 _2ddc
_cBK
946 _at
949 _ac
_p39080021956401
999 _c60048
_d60048